<The> Changes in Values and Present Situation in Slovakia <The> Problem of Social and Political stability and Open Society. The Human potential and society
Salvato in:
| Autore principale: | |
|---|---|
| Natura: | Libro |
| Lingua: | slovacco inglese |
| Pubblicazione: |
Bratislava
Prognostický ústav SAV
1993
|
| Edizione: | 1. ed. |
| Serie: | Pracovné materiály
Zv.8 |
| Soggetti: | |
| Tags: |
Nessun Tag, puoi essere il primo ad aggiungerne!!
|
MARC
| LEADER | 00000nam a2200000 4500 | ||
|---|---|---|---|
| 001 | c003915 | ||
| 005 | 20221214082210.2 | ||
| 041 | 0 | |a slo | |
| 041 | 0 | |a eng | |
| 044 | |a SK | ||
| 245 | 1 | 0 | |a <The> Changes in Values and Present Situation in Slovakia |b <The> Problem of Social and Political stability and Open Society. The Human potential and society |c Jana Gašparíková |
| 250 | |a 1. ed. | ||
| 264 | 1 | |a Bratislava |b Prognostický ústav SAV |c 1993 | |
| 300 | |a 18 s. | ||
| 490 | 1 | |a Pracovné materiály |v Zv.8 | |
| 830 | 0 | |a Pracovné materiály |v Zv.8 | |
| 610 | 2 | 0 | |a situácia hospodárska |
| 610 | 2 | 0 | |a Slovensko |
| 610 | 2 | 0 | |a politika |
| 610 | 2 | 0 | |a politika sociálna |
| 610 | 2 | 0 | |a stabilita hospodárstva |
| 610 | 2 | 0 | |a demokracia |
| 610 | 2 | 0 | |a činiteľ ľudský |
| 100 | 1 | |a Gašparíková, Jana | |